[Event "12th Agzamov Memorial 2018"]
[Site "Tashkent"]
[Date "2018.04.25"]
[Round "3"]
[White "Pourramezanali, Amirreza"]
[Black "Saydaliev, Saidakbar"]
[Result "0-1"]
[WhiteElo "2536"]
[BlackElo "2361"]
[Annotator "TA"]
[PlyCount "124"]
[EventDate "2018.??.??"]
[EventType "swiss"]
[EventCountry "UZB"]
[SourceTitle "playchess.com"]
[Source "ChessBase"]
[SourceQuality "1"]

{[%evp 22,124,1,-23,-13,-6,-13,-27,0,-15,-10,-14,-8,-12,-10,-22,-16,-24,-18,-62,-75,-57,-62,-97,-88,-91,-101,-112,-110,-108,-110,-108,-104,-125,-118,-113,-112,-119,-72,-72,-72,-72,-72,-72,-55,-75,-66,-66,-66,-66,-66,-72,-72,-110,-97,-99,-109,-104,-96,-106,-108,-151,-138,-146,-139,-180,-165,-165,-181,-285,-181,-374,-353,-598,-521,-767,-781,-770,-743,-798,-773,-748,-627,-797,-629,-663,-207,-214,-214,-522,-647,-718,-718,-972,-895,-1518,-1862,-1658,-1527,-29977,-29978,-29976,-29977,-29988,-29989]} 1. Nf3 Nf6 2. g3 c5 3. Bg2 Nc6 4. O-O d5 5. d4 e6 6. c4 dxc4 7. Qa4 Bd7 8. dxc5 Bxc5 9. Qxc4 Be7 10. Nc3 O-O 11. Rd1 Rc8 12. Bg5 {LiveBook: 5 Games. E04: Open Catalan: 5 Nf3} h6 13. Bxf6 Bxf6 14. Ne4 {The position is equal.} Be7 15. Qd3 Qb6 16. Nd6 {[#]} ({Don't blunder} 16. Qxd7 $2 Rfd8 $19) 16... Bxd6 $146 ({Predecessor:} 16... Rcd8 17. Qb3 Qc7 18. Nb5 Qb8 19. Nbd4 Bf6 {½-½ (38) Bu,X (2710)-Lu,S (2615) Taizhou 2015}) 17. Qxd6 Rfd8 18. Qa3 e5 19. e3 Be6 20. Rac1 Rxd1+ 21. Rxd1 Rd8 $36 {[%mdl 2048] Black has some pressure.} 22. Rc1 Qb5 23. Bf1 Qd5 24. Be2 Qxa2 25. Qxa2 Bxa2 26. Bb5 f6 27. Bxc6 bxc6 $17 {[%mdl 4096] Endgame KRB-KRN} 28. Ra1 Bd5 29. Nd2 Rb8 30. b3 Rb7 31. e4 Be6 ({Not} 31... Bxb3 32. Rb1 $16) 32. Kf1 Kf8 33. Ra3 Ke7 34. Ke2 Kd6 35. Kd3 Kc5 36. Kc3 g5 37. f3 h5 {[%cal Bh6h5,Bh5h4][%mdl 32]} 38. Ra1 Rg7 39. Rf1 a5 40. Ra1 Kb5 41. Rf1 Rg8 42. Rh1 h4 43. g4 Rd8 44. Rb1 Rd4 45. Nf1 (45. Ra1 $142) 45... Rb4 46. Rb2 $2 (46. Nd2) 46... Kc5 $19 47. Nd2 $2 {[#]} (47. Ne3 Bf7 48. Nf5) 47... a4 $1 {[%cal Ra4b3]} 48. bxa4 Rxb2 (48... Rxa4 $2 49. Kd3 $19) 49. Kxb2 {KB-KN} Kb4 50. a5 Kxa5 51. Kc3 Kb5 52. Nb1 Kc5 53. Na3 Bf7 $2 {[#]} (53... h3 54. Nc2 Bc4) 54. Nc2 Bc4 55. Ne1 $2 (55. Kd2 {nothing else works.}) 55... Bf1 56. Kd2 h3 57. Nc2 Bg2 58. Ke2 Kc4 59. Ne3+ Kb3 60. Nd5 cxd5 {Black mates.} 61. exd5 e4 62. f4 gxf4 {Precision: White = 41%, Black = 79%.} 0-1

[Event "12th Agzamov Memorial 2018"]
[Site "Tashkent"]
[Date "2018.04.25"]
[Round "3"]
[White "Malakhatko, Vadim"]
[Black "Khoroshev, Nikita"]
[Result "0-1"]
[WhiteElo "2516"]
[BlackElo "2340"]
[Annotator "TA"]
[PlyCount "132"]
[EventDate "2018.??.??"]
[EventType "swiss"]
[EventCountry "UZB"]
[SourceTitle "playchess.com"]
[Source "ChessBase"]
[SourceQuality "1"]

{[%evp 18,132,0,0,0,0,0,0,0,0,0,0,22,20,20,22,33,34,34,34,58,14,36,36,40,32,48,37,71,13,85,0,-16,-56,-12,-31,-25,-87,0,0,0,0,0,-94,-89,-111,-104,-182,-170,-166,-108,-191,-187,-176,-165,-197,-115,-130,-88,-106,-108,-122,-115,-237,-185,-304,-295,-636,-587,-541,-366,-327,-304,-377,-377,-372,-371,-364,-341,-371,-372,-330,-308,-412,-404,-406,-395,-446,-431,-467,-453,-466,-478,-472,-412,-404,-404,-378,-305,-362,-378,-372,-345,-385,-385,-357,-353,-353,-333,-483,-480,-458,-437,-437,-439,-539,-536]} 1. c4 Nf6 2. Nc3 e5 3. e3 Nc6 4. a3 g6 5. Nf3 Bg7 6. Be2 {A28: English Opening: Four Knights Variation} (6. d3 O-O 7. Be2 d5 8. cxd5 Nxd5 9. Bd2 a5 10. Rc1 Nde7 11. Ne4 h6 12. b4 axb4 13. axb4 {1-0 (74) Artemiev,V (2691)-Le,Q (2737) Huaian 2017}) 6... d5 7. cxd5 Nxd5 8. Qc2 O-O 9. O-O a5 10. d3 {LiveBook: 11 Games} Nb6 11. b3 f5 12. Bb2 Qe7 $146 ({Predecessor:} 12... Be6 13. Rfd1 {½-½ (40) Novikov,S (2540)-Kritz,L (2589) Biel 2009}) 13. Nd2 Be6 14. Na4 Nd7 15. Bf3 Ra6 16. Rfe1 Qf7 17. Rac1 Rd8 18. Qb1 h6 19. Bxc6 bxc6 20. Nc4 Rb8 21. Qc2 Rb5 22. f4 Rb8 23. Bc3 (23. Bxe5 $16 Bxc4 24. Qxc4 Qxc4 25. Rxc4) 23... Raa8 (23... Bxc4 $11 {keeps the balance.} 24. dxc4 e4) 24. Rb1 (24. Nxe5 $16 Bxe5 25. Bxe5) 24... Bxc4 $11 25. bxc4 Qe7 26. Rxb8+ (26. Ra1 {is interesting.} c5 27. Kh1 Qd6 28. Re2 Rf8 29. Rf1) 26... Rxb8 27. fxe5 (27. Qa2 $11) 27... Bxe5 (27... Nxe5 $17 28. d4 Nxc4) 28. d4 Bg7 29. c5 ({Reject} 29. Bxa5 Qxa3 30. Bc3 Qb3 $17) 29... Nf6 30. Nb2 {[#]} (30. Bxa5 $11 {remains equal.} Ng4 31. Qd3) 30... Qe4 $1 $36 {[%cal Re4c2][%mdl 2048] White is under strong pressure.} 31. Qd2 Nd5 32. Nd1 {[#]} (32. Nd3 $17) 32... a4 $1 $19 33. Nf2 Qe7 ({Black should try} 33... Qe6 $19 34. Bb2 Nf6) 34. e4 (34. Bb4 $17 {was necessary.}) 34... fxe4 35. Nxe4 Qf7 36. Ba1 Re8 ({Black should play} 36... Rb3 $19 37. Qa2 Qf4) 37. Nf2 $17 Kh7 38. Rxe8 Qxe8 39. h3 h5 40. Kf1 (40. Bb2 $17) 40... Qf7 41. Qd3 (41. g4 {was worth a try.}) 41... Bh6 $19 {...Ne3+ is the strong threat.} 42. Qf3 $2 (42. Qe4) 42... Ne3+ 43. Kg1 Qxf3 44. gxf3 {[%mdl 4096] Endgame KBN-KBN} Nc4 45. Kf1 Nxa3 46. Ke2 Nc2 47. Bc3 Ne3 48. Bb2 Nd5 49. Kd3 Kg8 50. Kc4 Bd2 51. Ne4 Be1 52. Bc1 Kf7 53. Ng5+ Kf6 54. Ne4+ Kf5 55. Ng5 {Now Nf7 and White clings on.} Bf2 {And now ...Be3 would win.} 56. Nf7 Be3 57. Bb2 Bd2 58. Ne5 Ne7 59. Kd3 Be1 60. Bc1 Bg3 61. Nc4 Bf4 62. Ba3 Bh6 63. Bb4 (63. Bb2 {was called for.}) 63... Nd5 {Black is clearly winning.} 64. Ba5 Bc1 65. Kc2 Ne3+ 66. Nxe3+ Bxe3 {Precision: White = 44%, Black = 70%.} 0-1

[Event "12th Agzamov Memorial 2018"]
[Site "Tashkent"]
[Date "2018.04.25"]
[Round "3"]
[White "Yakubboev, Nodirbek"]
[Black "Tillyaev, Ulugbek"]
[Result "1-0"]
[WhiteElo "2482"]
[BlackElo "2292"]
[Annotator "TA"]
[PlyCount "161"]
[EventDate "2018.??.??"]
[EventType "swiss"]
[EventCountry "UZB"]
[SourceTitle "playchess.com"]
[Source "ChessBase"]
[SourceQuality "1"]

{[%evp 22,161,47,52,68,87,91,90,80,94,123,111,126,125,121,118,111,103,97,96,133,113,121,69,110,48,81,91,67,22,22,22,26,19,31,29,44,45,54,36,80,61,77,59,72,88,81,75,81,73,169,157,210,210,197,184,166,122,193,184,184,179,219,213,192,189,140,16,440,414,374,16,16,0,16,16,16,8,8,0,8,0,8,8,1811,1529,1824,16,16,16,16,16,16,16,16,16,29,30,102,102,1163,1163,1053,543,1204,1150,1137,1200,1210,1046,526,87,94,8,367,21,1414,1389,1331,1296,1134,1043,29977,29978,29977,29976,29980,29981,29981,29982,29981,29983,29986,29987,29987,29988,29988,29989,29989,29989,29988,29989]} 1. d4 Nf6 2. c4 e6 3. g3 d5 4. Bg2 dxc4 5. Nf3 c5 6. O-O Nc6 7. Qa4 Bd7 8. Qxc4 Rc8 9. Nc3 cxd4 10. Nxd4 Be7 11. Rd1 {E04: Open Catalan: 5 Nf3} Qa5 12. Nb3 {LiveBook: 5 Games} Qc7 13. Bf4 {White is slightly better.} e5 14. Bg5 $1 {[%cal Rg5f6] Strongly threatening Bxf6.} Be6 15. Qa4 O-O 16. Bxf6 $1 Bxf6 17. Nc5 $1 Qe7 18. Nxe6 Qxe6 {[#]} 19. Rd2 $146 ({Predecessor:} 19. Bxc6 Rxc6 20. Qxa7 {1-0 (29) Topalov,V (2733)-Pierrot,J (2427) Moscow 2001}) 19... a6 20. Rad1 Be7 21. e3 Rfd8 22. a3 (22. Bd5 $16 Qg6 23. Bxc6 Qxc6 24. Qxc6 bxc6 25. Rd7) 22... h6 23. Kf1 (23. Bd5 $16 Qf6 24. Be4 Rxd2 25. Rxd2) 23... Kf8 24. Rxd8+ Rxd8 25. Bxc6 (25. Bd5 {with more complications.} Qg6 26. h4 Rd7 27. Kg1 Rd8 28. Be4) 25... Rxd1+ 26. Nxd1 Qxc6 27. Qxc6 bxc6 $16 {[%mdl 4096] Endgame KB-KN} 28. Nc3 Ke8 29. Ke2 Kd7 30. Kd3 f5 31. e4 g6 32. Kc4 Bd8 33. Na4 a5 34. Nc5+ Ke7 35. f3 h5 (35... Bb6 $16 {keeps fighting.}) 36. h3 $18 Bb6 (36... fxe4 $16 37. Nxe4 Bb6) 37. b4 $1 axb4 38. Kxb4 Kd6 39. Nd3 Ke6 (39... Bd4 $16 {was necessary.}) 40. a4 {[%cal Ba3a4,Ba4a5,Ba5a6][%mdl 32]} Be3 41. a5 Bd2+ 42. Ka4 {Nc5+ is the strong threat.} Kd6 43. a6 $1 {[%cal Ra6a7] And now a7 would win.} Be3 44. Kb4 ({White should play} 44. g4 $1 $16) 44... Bd4 $2 {[%mdl 8192]} (44... fxe4 $1 $11 45. fxe4 Bd4) 45. Kc4 $1 fxe4 {[#]} 46. fxe4 $2 ({White has to play} 46. Nxe5 $1 $18 {[%mdl 512]} Bf2 (46... Bxe5 47. a7) 47. f4 (47. Nxg6 exf3 48. Kd3 Kc7 $14)) 46... Kc7 $11 47. Nb4 Bb6 48. g4 hxg4 49. hxg4 Bd4 $1 50. Kb3 Bc5 51. Ka4 Bd4 52. Nc2 Bc3 $2 {[%mdl 8192]} (52... Bf2 $11) 53. Kb3 $18 Bd2 54. Na3 $2 (54. Kc4 $1 $18 {Threatens to win with a7.} Ba5 55. a7) 54... Be3 $11 55. Kb4 Bd4 56. Nc4 Kb8 57. Na5 Kc7 58. Kc4 Bb6 59. Nb7 Ba7 (59... Bg1 $1 $11 {remains equal.}) 60. Nc5 $16 Kd6 $2 {[%mdl 8192]} (60... Kb6 $16 61. Nd7+ Kxa6) 61. Nd3 $18 Be3 62. Kb4 Bd2+ 63. Kb3 Be3 64. Kc4 Bb6 65. Ne1 $1 {[%cal Re1f3]} Ke6 66. Nc2 $2 (66. Nf3 $18 {and White stays clearly on top.} Be3 67. Kb3) 66... Kd6 67. Na3 (67. Kd3 $1 $16) 67... Bc5 $2 {[%mdl 8192] [#]} (67... Kc7 $11 {and Black is okay.}) 68. Kd3 $2 (68. Nb1 $1 $18 {[%cal Rb1d2] With the idea Nd2.} Be3 {[#]} 69. Nd2 $1 {[%mdl 512]}) 68... Ke6 $2 {[%mdl 8192]} (68... Kc7 $11 69. Nc4 Bd4) 69. Nc4 Ba7 70. Kc3 Bc5 71. Kb3 Kf6 72. Na5 {White mates.} Kg5 73. Nxc6 Kf4 74. Kc4 Bb6 75. Kd5 Kxg4 76. Nxe5+ Kh5 77. Nd7 Ba7 78. e5 {[%cal Be4e5,Be5e6][%mdl 32]} g5 79. e6 Kg6 80. Kd6 g4 81. Ne5+ {Precision: White = 51%, Black = 22%.} 1-0

[Event "12th Agzamov Memorial 2018"]
[Site "Tashkent"]
[Date "2018.04.25"]
[Round "3"]
[White "Papin, Vasily"]
[Black "Abdusattorova, Bakhora"]
[Result "1-0"]
[WhiteElo "2475"]
[BlackElo "2082"]
[Annotator "TA"]
[PlyCount "52"]
[EventDate "2018.??.??"]
[EventType "swiss"]
[EventCountry "UZB"]
[SourceTitle "playchess.com"]
[Source "ChessBase"]
[SourceQuality "1"]

{[%evp 13,52,0,47,0,25,40,61,55,65,58,59,59,59,62,56,58,47,61,93,57,92,63,93,79,82,65,89,83,107,104,120,118,224,226,265,256,245,189,263,266,250]} 1. c4 e6 2. Nc3 d5 3. d4 Bb4 4. a3 Bxc3+ 5. bxc3 c5 6. e3 Nf6 7. cxd5 Qxd5 {LiveBook: 14 Games. E26: Nimzo-Indian: Sämisch: 5...c5 6 e3} 8. f3 cxd4 9. cxd4 e5 {White is slightly better.} 10. Ne2 $146 ({Predecessor:} 10. e4 Qxd4 11. Qxd4 exd4 12. Ne2 Nc6 13. Bb2 O-O 14. Nxd4 Nxd4 15. Bxd4 {1-0 (53) Khalifman,A (2674)-Meister,J (2488) Moscow 2004}) 10... exd4 11. Qxd4 Nc6 12. Qxd5 Nxd5 13. e4 Nb6 {[%cal Bd5b6,Bb6d7,Bd7e5][%mdl 32]} 14. Nf4 O-O 15. Be3 Nd7 16. Bc4 b6 17. Kf2 Bb7 18. Rhd1 Nde5 19. Ba2 (19. Be2 {looks sharper.} f5 20. Ne6 Rf6 21. exf5 Rxf5 22. h3) 19... Kh8 20. Nd5 f5 21. exf5 Rxf5 22. Kg1 Na5 (22... Re8 $16 {is a better defense.} 23. Rac1 Rd8) 23. Nc7 $18 Raf8 24. Ne6 Re8 25. Bd4 {[#] f4 is the strong threat.} Nac6 (25... Bc8 {was called for.}) 26. Bb2 Bc8 {Precision: White = 71%, Black = 25%.} 1-0

[Event "12th Agzamov Memorial 2018"]
[Site "Tashkent"]
[Date "2018.04.25"]
[Round "3"]
[White "Nigmatov, Ortik"]
[Black "Korneev, Oleg"]
[Result "1-0"]
[WhiteElo "2438"]
[BlackElo "2546"]
[Annotator "TA"]
[PlyCount "90"]
[EventDate "2018.??.??"]
[EventType "swiss"]
[EventCountry "UZB"]
[SourceTitle "playchess.com"]
[Source "ChessBase"]
[SourceQuality "1"]

{[%evp 22,90,81,68,110,95,87,93,93,43,48,40,39,45,52,58,95,93,91,87,117,-131,-134,-314,-293,-300,-300,-279,-188,-179,-175,-172,-185,-191,-189,-191,-192,-187,-184,-183,-190,-190,-162,-164,-158,-167,-142,-145,-127,-158,-147,-141,-145,-257,-258,-260,-249,-259,-262,-241,-250,-247,-250,-405,-405,-390,-383,-350,-324,-258,0]} 1. e4 c5 2. Nf3 e6 3. d4 cxd4 4. Nxd4 Nf6 5. Nc3 d6 6. g4 a6 7. g5 Nfd7 8. h4 {[%cal Bh2h4,Bh4h5][%mdl 32]} b5 9. a3 Bb7 10. Be3 Nc6 11. h5 {B81: Sicilian Scheveningen: Keres Attack} Be7 12. Rg1 {LiveBook: 7 Games} g6 13. Nxc6 {White is better.} Bxc6 14. Qd4 Rg8 15. hxg6 hxg6 16. O-O-O Rb8 $146 ({Predecessor:} 16... Ne5 17. Be2 Bb7 18. f4 Nc6 {1-0 (55) Quesada Perez,Y (2637)-Xu,Y (2443) Kolkata 2015}) 17. f4 a5 18. f5 b4 19. fxe6 $1 fxe6 20. Qc4 $1 {[%cal Rc4e6]} bxc3 21. Qxe6 $2 {[#]} (21. Qxc6 $16 {is necessary to keep the advantage.} cxb2+ 22. Kb1) 21... Rg7 $1 $17 22. Bd4 $2 {[#]} (22. b3 $17 Nf8 23. Qc4) 22... Nf8 $1 $19 23. Qc4 Bxg5+ 24. Kb1 Rc7 25. Bxc3 {With the idea Rxg5!} Bd7 26. Bxa5 {[#]} Qf6 $1 {[%csl Gb8][%cal Rf6b2][%mdl 512]} 27. Bc3 Rxc4 28. Bxf6 Bxf6 29. Bxc4 Bxb2 ({Don't do} 29... Rxb2+ 30. Kc1 $17) 30. Ka2 Be5 31. Bb3 Bf4 32. a4 Ra8 33. Ka3 Be3 {Hoping for ...Bc5+.} 34. Rge1 Bf2 35. Rf1 Bc5+ 36. Kb2 Bxa4 37. e5 (37. Bd5 $17 Rb8+ 38. Kc3) 37... Bxb3 38. Kxb3 dxe5 39. Rd5 Nd7 40. Rh1 Rb8+ 41. Kc4 Rb4+ 42. Kc3 $2 (42. Kd3) 42... Rd4 43. Rxd4 Bxd4+ 44. Kc4 Nb6+ 45. Kb5 Nd7 $2 {[%mdl 32768] Precision: White = 44%, Black = 65%. . Loss on Time!?} (45... Nd5 $19 46. Kc4 Nb6+ 47. Kd3 Ke7) 1-0

[Event "12th Agzamov Memorial 2018"]
[Site "Tashkent"]
[Date "2018.04.25"]
[Round "3"]
[White "Vokhidov, Shamsiddin"]
[Black "Vakhidov, Jakhongir"]
[Result "1/2-1/2"]
[WhiteElo "2414"]
[BlackElo "2542"]
[Annotator "TA"]
[PlyCount "103"]
[EventDate "2018.??.??"]
[EventType "swiss"]
[EventCountry "UZB"]
[SourceTitle "playchess.com"]
[Source "ChessBase"]
[SourceQuality "1"]

{[%evp 13,103,74,61,42,37,38,46,43,50,45,35,-7,45,26,36,15,46,46,58,25,31,18,37,37,31,0,23,31,39,10,25,0,54,35,47,32,56,45,57,37,73,36,48,55,41,0,29,0,0,0,0,0,0,0,0,0,22,13,15,10,16,15,14,4,12,0,0,0,0,0,-4,0,-6,-14,-8,-22,0,0,0,-7,0,-11,0,-11,-3,-3,-4,-4,0,-4,-6,-4]} 1. e4 d5 2. exd5 Qxd5 3. Nc3 Qd6 4. d4 Nf6 5. Nf3 g6 (5... c6 6. h3 Nbd7 7. Bd3 g6 8. O-O Bg7 9. Re1 O-O 10. Qe2 e6 11. Bg5 b6 12. Rad1 Bb7 13. Ne5 c5 14. dxc5 Qxe5 15. Qxe5 Nxe5 16. Rxe5 {1-0 (90) Guseinov,G (2645)-Carlsen,M (2832) chess.com INT 2017}) 6. Nb5 {[%cal Bc3b5,Bb5a3,Ba3c4,Bc4e5][%mdl 32] B01: Scandinavian Defence} Qd8 7. Bf4 Nd5 {LiveBook: 3 Games} 8. Bg3 $146 {White is slightly better.} ({Predecessor:} 8. Be5 f6 9. c4 a6 10. Na3 fxe5 11. cxd5 e6 12. Qa4+ Bd7 13. Qb3 exd5 14. dxe5 {0-1 (42) Bagi,M (2440)-Vakhidov,J (2546) Hastings 2016}) 8... c6 9. Na3 Bh6 10. c3 O-O 11. Nc4 Nd7 12. Nce5 N7f6 (12... Nxe5 $11 13. Nxe5 f6) 13. Bc4 $14 Ne4 14. a4 Kg7 15. Qe2 Nd6 16. Bd3 f6 17. Nc4 Nf4 18. Bxf4 $1 Bxf4 19. a5 Nf7 20. O-O Bc7 21. b4 Re8 22. Rfe1 Rb8 (22... Bg4 $11) 23. h3 Bd7 24. Qc2 Qc8 25. Nh4 {[%cal Rd3g6]} Nh8 $1 26. Re3 e6 27. Rae1 b6 28. axb6 axb6 29. Nd2 c5 30. bxc5 bxc5 {The position is equal.} 31. Ne4 cxd4 32. cxd4 Bf4 33. R3e2 Qxc2 34. Rxc2 {[#] Black must now prevent g3.} Rb4 35. Nf3 Nf7 36. Nc5 Bc8 37. Bc4 {Threatens to win with Nd3.} Rb6 38. g3 Bb8 $1 39. Rce2 {[%cal Rc4e6]} Nd8 40. Nd2 e5 41. dxe5 Rxe5 42. Rxe5 Bxe5 43. Bf1 Rc6 44. Ndb3 Nf7 45. Bg2 Rb6 46. Nd2 Bc3 47. Nce4 Bb4 {Strongly threatening ...f5.} 48. Rb1 Be6 49. Nf3 Bd5 {[#]} 50. Nc3 $1 {[%mdl 512]} Bc6 (50... Bxc3 51. Rxb6) 51. Ne1 Bxg2 52. Nxg2 {Precision: White = 51%, Black = 43%.} 1/2-1/2

[Event "12th Agzamov Memorial 2018"]
[Site "Tashkent"]
[Date "2018.04.25"]
[Round "3"]
[White "Abdisalimov, Abdimalik"]
[Black "Sivuk, Vitaly"]
[Result "1/2-1/2"]
[WhiteElo "2341"]
[BlackElo "2525"]
[Annotator "TA"]
[PlyCount "59"]
[EventDate "2018.??.??"]
[EventType "swiss"]
[EventCountry "UZB"]
[SourceTitle "playchess.com"]
[Source "ChessBase"]
[SourceQuality "1"]

{[%evp 20,59,54,8,6,18,16,18,13,0,20,13,50,30,42,38,49,37,41,32,97,41,45,37,43,59,44,36,37,0,47,3,17,-89,83,10,25,19,30,18,17,15]} 1. d4 Nf6 2. c4 g6 3. Nc3 Bg7 4. g3 O-O 5. Bg2 Nc6 6. Nf3 d5 7. cxd5 Nxd5 8. O-O Nb6 9. e3 e5 10. d5 Na5 11. Qc2 {LiveBook: 3 Games. D76: Fianchetto Grünfeld: Main Line with 7...Nb6} c6 12. b4 Nac4 13. dxc6 bxc6 14. Nd2 Nxd2 $146 ({Predecessor:} 14... Bf5 15. e4 Be6 16. Nb3 Qe7 17. Nc5 Bc8 18. N3a4 a5 19. Nxb6 Nxb6 {1-0 (50) Chandra,A (2490)-Cervantes Landeiro,T (2154) chess.com INT 2018}) 15. Bxd2 Nc4 16. Ne4 Nxd2 17. Nxd2 Ba6 18. Nc4 Qe7 19. a3 Rac8 {[#]} (19... Rad8 $14) 20. Rab1 (20. Rfd1 $1 $16) 20... Qe6 $14 21. Rfc1 Rfd8 {[%cal Bf8d8,Bd8d2,Bd2a2][%mdl 32] White must now prevent ...Bxc4.} 22. Bf1 h5 23. Na5 Bxf1 24. Kxf1 h4 25. Qe4 {[%cal Ra5c6]} Rd2 {And now ...Qf6 would win.} 26. Nxc6 (26. Kg1 $11 {keeps the balance.}) 26... Bf6 $2 {[#]} (26... Rc7 $17 {keeps the pressure on.} 27. Ke1 Qa2) 27. Ke1 (27. Kg1 $1 $16) 27... Ra2 28. Qc4 Qxc4 29. Rxc4 hxg3 30. hxg3 {Precision: White = 40%, Black = 60%.} ({Don't go for} 30. Ne7+ $2 Kg7 $19) 1/2-1/2

[Event "12th Agzamov Memorial 2018"]
[Site "Tashkent"]
[Date "2018.04.25"]
[Round "3"]
[White "Rahman, Adel"]
[Black "Hamitevici, Vladimir"]
[Result "0-1"]
[WhiteElo "2331"]
[BlackElo "2508"]
[Annotator "TA"]
[PlyCount "99"]
[EventDate "2018.??.??"]
[EventType "swiss"]
[EventCountry "UZB"]
[SourceTitle "playchess.com"]
[Source "ChessBase"]
[SourceQuality "1"]

{[%evp 17,99,9,12,11,64,42,98,0,50,55,54,46,52,40,45,13,6,-22,-27,-16,-29,-31,-43,-81,-17,-168,-162,-168,-166,-153,-191,-202,-86,-94,-87,-84,-91,-87,-89,-83,-72,-197,-184,-182,-178,-183,-188,-183,-180,-168,-179,-211,-212,-381,-434,-432,-420,-379,-195,-445,-439,-433,-416,-442,-447,-394,-432,-439,-418,-439,-432,-420,-399,-383,-359,-386,-363,-1561,-544,-29980,-29981,-29981,-29980,-29979]} 1. d4 {[%cal Bd2d4,Bd4d5][%mdl 32]} Nf6 2. Bg5 c5 3. d5 Ne4 4. Bf4 Qb6 5. Bc1 e6 6. f3 Nf6 7. e4 {A45: Trompowsky Attack} (7. c4 exd5 8. cxd5 c4 9. e3 Bc5 10. Kf2 O-O 11. Bxc4 Re8 12. Qb3 Qd8 13. Ne2 d6 14. Nbc3 a6 15. a4 Nbd7 16. Ng3 {0-1 (71) Georgiev,K (2626)-Grischuk,A (2705) Mainz 2004}) 7... exd5 8. exd5 Bd6 9. Na3 O-O {LiveBook: 4 Games} 10. Bd3 Qb4+ $146 ({Better is} 10... Na6 $11) ({Predecessor:} 10... Re8+ 11. Ne2 Bf8 12. c4 d6 13. Nb5 Nbd7 14. b3 g6 {0-1 (28) Ellis,J (2085)-Tatarska,V (2092) ICCF email 2015}) 11. Kf1 $1 $14 Qh4 (11... Be7 $14) 12. Ne2 ({White should try} 12. Nh3 $16) 12... Na6 13. Nc4 Bb8 14. Ne3 g6 15. a3 Re8 16. c4 (16. g3 $5 {[%cal Rg3h4]} Qh3+ 17. Kf2 $11) 16... Be5 $40 {[%mdl 128] Black has some attack.} ({Don't go for} 16... Bxh2 $2 17. g3 $1 $18 {[%mdl 512]}) 17. g3 Qh3+ 18. Ng2 d6 19. Nef4 Qd7 20. Rb1 {[#]} Nc7 (20... b5 $1 $17 {[%mdl 512]} 21. b3 (21. cxb5 Nc7) 21... Rb8) 21. Be3 $2 (21. g4 $11) 21... b5 $19 22. b3 a5 $1 {[%cal Ba7a5,Ba5a4][%mdl 32]} 23. Kf2 a4 24. b4 cxb4 (24... Ba6 $19 {and Black stays clearly on top.} 25. bxc5 bxc4) 25. Rxb4 $17 Ba6 26. cxb5 Bxb5 27. Bxb5 Nxb5 28. Qd3 Nc3 29. Rc4 (29. Bd2 $17 Qa7+ 30. Ne3 Bxf4 31. Rxf4 Ncxd5 32. Rc4) 29... Rec8 $19 30. Rc1 Rxc4 31. Qxc4 Rc8 32. Qd3 Qb7 $1 33. Bd2 {[%cal Rd2c3]} Qb2 {aiming for ...Nce4+!} 34. Ne2 {[%cal Re2c3]} Nfxd5 {[%cal Bf6d5,Bd5c3,Bc3b1][%mdl 32]} 35. Nxc3 $2 (35. Ne3 {keeps fighting.} Nxe3 36. Bxe3) 35... Rxc3 ({Not} 35... Nxc3 36. Kf1 $19) (35... Bxc3 36. Ne3 $17) 36. Rxc3 Nxc3 (36... Bxc3 37. Ke2 $19) 37. Ne3 {intending Nc4.} d5 (37... Qxa3 $142 {Threatens to win with ...Nd1+!} 38. Kg2 Qb3) 38. Nxd5 $2 (38. Nc2) 38... Bd4+ 39. Ne3 {[#]} Nb1 $1 {[%cal Rb1d2]} 40. Ke2 {[#]} Bxe3 $1 ({Weaker is} 40... Nxd2 41. Qxd2 Qb6 42. f4 $17) 41. Qxe3 Nxd2 42. Qxd2 Qxa3 {[%mdl 4096] Endgame KQ-KQ} 43. Qd8+ Qf8 44. Qa5 a3 45. Kd3 Qe7 {Hoping for ...Qf6.} 46. Qa6 Qc5 47. Qa8+ $2 (47. Qa4) 47... Kg7 48. f4 Qb5+ 49. Ke3 Qb3+ 50. Kd4 {Precision: White = 41%, Black = 68%.} 0-1

[Event "12th Agzamov Memorial 2018"]
[Site "Tashkent"]
[Date "2018.04.25"]
[Round "3"]
[White "Jumanov, Elbek"]
[Black "Kotanjian, Tigran"]
[Result "1/2-1/2"]
[WhiteElo "2283"]
[BlackElo "2481"]
[Annotator "TA"]
[PlyCount "64"]
[EventDate "2018.??.??"]
[EventType "swiss"]
[EventCountry "UZB"]
[SourceTitle "playchess.com"]
[Source "ChessBase"]
[SourceQuality "1"]

{[%evp 16,64,22,17,51,41,33,48,41,31,38,40,71,86,85,68,74,66,80,57,66,65,51,56,72,64,80,53,68,80,155,139,181,0,0,0,0,0,0,0,0,0,0,0,0,0,25,0,12,0,0]} 1. Nf3 c5 2. c4 Nf6 3. Nc3 Nc6 4. g3 g6 5. Bg2 d6 6. O-O Bg7 7. a3 O-O 8. Rb1 a5 9. d3 {LiveBook: 107 Games} d5 {A38: Symmetrical English vs ...g6: 4 Bg2 Bg7 5 Nf3 Nf6} (9... Bd7 10. Ne1 Ne8 11. Nc2 Nc7 12. Bd2 Rb8 13. b4 axb4 14. axb4 Nxb4 15. Nxb4 cxb4 16. Rxb4 b5 17. cxb5 Nxb5 18. Nxb5 Rxb5 19. Rxb5 Bxb5 20. Qb3 Bd7 21. Qb7 Qc8 22. Qa7 Rd8 23. Bg5 Bf6 24. Bxf6 exf6 {1-0 (89) Kovalenko,I (2684)-Borisek,J (2565) chess.com INT 2017}) 10. cxd5 Nxd5 11. Nxd5 Qxd5 {White is slightly better.} 12. Be3 Qd6 $146 ({Predecessor:} 12... Qh5 13. Qd2 Nd4 14. b4 axb4 15. axb4 Be6 16. Bxd4 cxd4 17. Qg5 Qxg5 18. Nxg5 {½-½ (46) Berendsen,M (2044)-Tig,A (1937) SVR 2009}) 13. Rc1 Bxb2 14. Bxc5 Qc7 15. Rc2 Bf6 16. Qb1 Be6 17. Bd4 Qd7 18. Bxf6 exf6 19. Qb2 f5 20. Rb1 Rab8 21. Ne5 Nxe5 22. Qxe5 b5 {[#]} (22... b6 $142) 23. Bc6 $1 $16 {[%cal Rc6d7]} Qe7 {[#]} 24. Bxb5 $2 ({Stronger than} 24. Rxb5 Rxb5 25. Bxb5 Qxa3 $11) (24. d4 $1 $18) 24... Qxa3 $11 25. h4 h5 26. Rc3 Qa2 27. Rcc1 $36 {[%mdl 2048] White has the initiative.} Rb6 28. Ra1 Qd2 29. Rd1 Qb4 30. Rdb1 Qd2 31. Rd1 Qc2 32. Rdc1 Qd2 {Precision: White = 71%, Black = 51%.} 1/2-1/2